[Event "IITU Masters 2019"]
[Site "Almaty"]
[Date "2019.02.24"]
[Round "5.3"]
[White "Rakhimzhan, Alen"]
[Black "Daurimbetov, A."]
[Result "1-0"]
[WhiteElo "2320"]
[BlackElo "2287"]
[Annotator "TA"]
[PlyCount "179"]
[EventDate "2019.02.20"]
[EventType "tourn"]
[EventCountry "KAZ"]
[SourceTitle "playchess.com"]
[Source "ChessBase"]
[SourceQuality "1"]

{[%evp 18,179,44,52,75,38,127,72,80,73,85,88,97,102,118,111,166,111,116,115,134,139,131,131,149,149,149,149,153,153,153,153,166,166,163,162,172,172,205,201,197,148,185,179,177,185,206,176,227,192,406,245,299,297,301,303,300,301,293,282,236,70,78,-16,-11,-38,-16,-22,18,-108,-84,-75,0,0,0,0,42,40,82,0,166,158,253,0,0,0,0,0,0,0,0,0,0,0,0,-6,-3,-53,0,-8,-2,-4,0,-14,-14,-40,29,8,9,10,61,0,0,0,52,51,50,0,0,0,0,0,0,0,0,0,0,0,0,0,0,0,0,0,0,0,0,0,8,8,28,20,552,545,635,643,597,463,618,593,706,690,658,658,29980,29982,29981,29982,29990,29985,29985,29981,29986,29975]} 1. d4 Nf6 2. c4 g6 3. Nc3 Bg7 4. e4 d6 5. Be2 O-O 6. Bg5 Nbd7 7. Qd2 e5 8. d5 a5 9. h4 Nc5 10. f3 Re8 {E73: King's Indian: Averbakh Variation without 6...c5} (10... a4 11. h5 c6 12. Nh3 Qa5 13. hxg6 fxg6 14. Nf2 Bd7 15. Nd3 Nxd3+ 16. Bxd3 Rf7 17. Ne2 Qxd2+ 18. Kxd2 {1-0 (41) Kunin,V (2575)-Ginsburg,G (2509) Germany 2014}) 11. h5 Qe7 $146 (11... h6 $14 12. Bxh6 Nxh5) ({Predecessor:} 11... c6 12. hxg6 fxg6 13. Nh3 Rf8 14. Nf2 Rf7 15. O-O-O Qb6 16. Be3 a4 17. Bxc5 Qxc5 {1-0 (36) Niehues,L (1622)-Elesbao,B (1800) Icara 2017}) 12. Bd1 (12. g4 $142) 12... Bd7 {White is better.} 13. Nge2 Qf8 14. g4 h6 15. Be3 $1 g5 16. Ng3 Kh7 (16... c6 $16 {was called for.}) 17. a4 (17. Bxc5 $18 dxc5 18. Ba4) 17... c6 18. O-O cxd5 19. cxd5 Rec8 20. Ra3 Qd8 21. Be2 Ne8 22. Bb5 Bf6 23. Rc1 Ng7 24. Kg2 Qe8 25. Bf2 Bd8 26. Nf1 Qe7 27. Ne3 Na6 28. Nc4 Ne8 29. Bb6 Nc5 30. Qc2 Bxb5 31. Nxb5 Na6 {And now ...Bxb6 would win.} 32. Qd2 Nc5 (32... Bxb6 $142 33. Nxb6 {[%mdl 64] Discovered Attack} Rxc1) 33. Kh3 Qd7 $2 (33... Qf6 34. Kg2 Kg8) 34. Nxe5 Nxe4 35. Nxd7 (35. fxe4 dxe5 36. Bxd8 Rxc1 $14) 35... Nxd2 36. Rxc8 Rxc8 37. Bxd8 Rxd8 38. Nb6 $1 f5 {[#]} 39. gxf5 $2 (39. Rd3 $1 $18 {[%cal Rd3d2]} fxg4+ 40. Kxg4 (40. fxg4 Ne4 $16)) 39... Nf6 $14 40. Rd3 (40. Kh2 $16 {Hoping for Rd3.} Re8 41. Nxd6 {[%mdl 64] Double Attack} Re2+ 42. Kg1) 40... Nxf3 $1 $11 41. Nc4 g4+ 42. Kg3 Rg8 43. Ncxd6 (43. Nbxd6 $11 {remains equal.} Nxh5+ 44. Kf2) 43... Nxh5+ $17 44. Kf2 Ne5 (44... Ng5 $17 45. Re3 Nh3+ 46. Kf1 N5f4 47. Re7+ Rg7 48. Rxg7+ (48. Rxb7 $2 g3 $19) (48. f6 $2 Rxe7 49. fxe7 g3 $19) 48... Kxg7) 45. Re3 $11 Nf4 46. Nc3 h5 47. Kg3 (47. Nxb7 h4 $17) 47... Nfd3 48. Nde4 (48. Nxb7 $16 Kh6 49. Nc5 {[%mdl 64] Deflection} (49. Nxa5 Kg5 $11) 49... Nxc5 50. Rxe5) 48... Rf8 $2 {[#]} (48... Kg7 $1 $11) 49. d6 $1 $18 Kh6 (49... Rxf5 $16 {might work better.} 50. d7 Nxd7) 50. f6 $2 (50. Nf2 $18 Nxf2 51. Rxe5) 50... Kg6 {aiming for ...h4+!} 51. Nd5 Kf5 {next ...h4+! is good for Black.} 52. Ne7+ Ke6 53. Ng5+ Kxd6 54. Nf5+ Kd5 {[#]} 55. f7 $1 {[%mdl 512]} Kc4 ({Don't go for} 55... Nxb2 $2 56. Ne7+ Kc4 57. Rxe5 $18) (55... Nxf7 56. Rxd3+) 56. Re4+ Kb3 57. Nh6 Rh8 ({Black should play} 57... Kxb2 $15 58. Rd4 Kc3) 58. Nf5 Kxb2 59. Rd4 $1 Kc2 60. Rd6 Rf8 61. Nh6 Kb3 (61... Nc5 $15) 62. Ne6 h4+ 63. Kxh4 Rh8 (63... Rc8 $11) 64. f8=Q (64. Kg3 $14) 64... Ng6+ $11 65. Kxg4 Nde5+ (65... Nxf8 $11 66. Rxd3+ Kxa4) 66. Kf5 $14 {Intending Rb6+ and mate.} Nxf8 67. Nxf8 ({Don't play} 67. Kxe5 Nxe6 68. Rxe6 Kxa4 $16) 67... Nc4 68. Rf6 Kxa4 69. Kg6 {Threatens to win with Kg7.} Kb3 70. Kg7 Rxf8 71. Rxf8 a4 72. Rf3+ Kb2 73. Rf2+ Kc3 74. Rf3+ Kb2 75. Nf5 {Black must now prevent Nd4.} a3 76. Rf2+ Kc3 {Strongly threatening ...Nd2.} 77. Ng3 Nb2 78. Ne4+ Kc4 79. Nd2+ Kb4 $2 {[%mdl 8192]} (79... Kc3 $11 {and Black is okay.}) 80. Rf4+ $18 Kc5 81. Nb3+ Kb5 82. Kf6 Nc4 83. Ke6 Ka4 84. Na1 ({Inferior is} 84. Rxc4+ Kxb3 85. Rc7 a2 $11) 84... b5 85. Kd5 a2 86. Kc5 {White mates.} Ka3 87. Rf2 Nb2 88. Kxb5 Nd1 89. Rh2 Ne3 90. Kc5 {Accuracy: White = 51%, Black = 43%.} 1-0

[Event "IITU Masters 2019"]
[Site "Almaty"]
[Date "2019.02.24"]
[Round "5.4"]
[White "Zubarev, Alexander"]
[Black "Khusenkhojaev, Muhammad"]
[Result "1/2-1/2"]
[WhiteElo "2494"]
[BlackElo "2441"]
[Annotator "TA"]
[PlyCount "41"]
[EventDate "2019.02.20"]
[EventType "tourn"]
[EventCountry "KAZ"]
[SourceTitle "playchess.com"]
[Source "ChessBase"]
[SourceQuality "1"]

{[%evp 15,41,64,82,34,45,45,50,12,16,17,14,0,0,0,0,0,0,0,0,0,20,26,18,26,20,15,12,0]} 1. e4 c5 2. Nf3 d6 3. Bb5+ Nd7 4. O-O Ngf6 5. Re1 a6 6. Bf1 e5 7. c3 {B51: Sicilian: Moscow Variation (3 Bb5+) without 3...Bd7} g6 8. d4 Bg7 {LiveBook: 10 Games} 9. Nbd2 {White is better.} b5 10. a4 {[#] And now dxe5 would win.} Rb8 11. dxe5 dxe5 12. axb5 axb5 13. Qb3 $146 ({Predecessor:} 13. Nb1 Qc7 {0-1 (56) Liang,A (2408)-Zierk,S (2488) Saint Louis 2016}) 13... Qb6 14. c4 {[%cal Rc4b5]} b4 15. Bd3 O-O 16. Nf1 {[%cal Bd2f1,Bf1e3,Be3d5][%mdl 32]} Bb7 17. Qc2 Nh5 18. Ne3 Nf4 19. Nd5 Qd6 20. Ra7 Ne6 21. Bd2 {Precision: White = 56%, Black = 64%.} 1/2-1/2

[Event "IITU Masters 2019"]
[Site "Almaty"]
[Date "2019.02.24"]
[Round "5.5"]
[White "Tologontegin, Semetey"]
[Black "Igambergenov, Alibek"]
[Result "1/2-1/2"]
[WhiteElo "2372"]
[BlackElo "2309"]
[Annotator "TA"]
[PlyCount "109"]
[EventDate "2019.02.20"]
[EventType "tourn"]
[EventCountry "KAZ"]
[SourceTitle "playchess.com"]
[Source "ChessBase"]
[SourceQuality "1"]

{[%evp 9,109,6,6,6,6,8,15,14,11,4,10,0,13,0,24,16,30,8,27,44,37,32,131,150,167,97,103,89,71,45,51,18,95,93,83,89,90,101,94,0,40,0,0,0,0,0,0,0,0,0,0,0,0,0,0,-20,-10,-26,-26,-26,-26,-26,-26,-26,-20,-18,-22,-39,-51,-62,-32,-60,-14,-5,0,-59,-48,-67,-70,-54,-8,-8,-8,-8,-8,-8,0,0,0,0,0,0,0,0,0,0,0,0,0,0,0,0]} 1. c4 e5 2. d3 f5 3. Nf3 Nc6 4. g3 Nf6 5. Bg2 Bb4+ 6. Bd2 {A20: English Opening: 1...e5} Bxd2+ 7. Qxd2 O-O 8. Nc3 d6 9. O-O h6 (9... Bd7 10. Nd5 Nxd5 11. cxd5 Ne7 12. Qb4 Nxd5 13. Qxb7 {1-0 (54) Grischuk,A (2750)-Anand,V (2803) London 2015}) 10. Rab1 a5 11. a3 {[%cal Ba2a3,Ba3b4,Bb4b5,Bb5b6][%mdl 32]} Qe8 $146 ({Predecessor:} 11... g5 12. b4 axb4 13. axb4 {1-0 (24) Costello,C (2061)-Dorne,W York 1999}) 12. b4 axb4 13. axb4 g5 14. b5 Ne7 15. c5 Qh5 {[#]} (15... Qd7 $14) 16. b6 $1 $16 {[%cal Rb6c7]} e4 17. cxd6 ({White should play} 17. dxe4 $18 Nxe4 18. Qc2) 17... cxd6 18. dxe4 fxe4 19. Ne1 Bh3 ({Reject} 19... Ng4 $6 20. h3 $16) 20. f3 Bxg2 (20... d5 $11) 21. Nxg2 d5 22. Ne3 Rad8 23. fxe4 d4 {[#]} 24. Qa2+ ({Better is} 24. Ncd5 $1 $16 {[%cal Rd5f6]} Nexd5 25. Nxd5) 24... Kh8 25. Qe6 Neg8 $36 {[%mdl 2048] Black fights for an advantage.} 26. Ncd5 $1 {[%cal Rd5f6]} Rde8 27. Nxf6 Rxf6 28. Qg4 Rxf1+ 29. Rxf1 Qxg4 30. Nxg4 Rxe4 $11 {[%mdl 4096] Endgame KRN-KRN} 31. h3 Rxe2 32. Rd1 Re4 33. Kg2 Kg7 34. Kf3 Re6 35. Rxd4 Rxb6 36. Rd7+ Kg6 37. Ne5+ Kf5 38. Nc4 Rb3+ 39. Ne3+ Ke5 40. Kf2 Rb2+ 41. Kf3 {Black must now prevent Rd8.} Rb3 (41... Ke6 $11 42. Rg7 Nf6) 42. Kf2 $15 Ke6 43. Rg7 Nf6 44. Rg6 Kf7 45. Rxh6 {The position is equal.} b5 46. h4 g4 47. Ke2 b4 48. Rh8 Ne4 49. Nxg4 Rxg3 50. Ne5+ Ke6 51. Nd3 {White wants to play Re8+.} b3 {aiming for ...Nc3+.} 52. Rb8 Nc3+ 53. Kd2 Ne4+ 54. Ke2 Nc3+ 55. Kd2 {Accuracy: White = 77%, Black = 51%.} 1/2-1/2

[Event "IITU Masters 2019"]
[Site "Almaty"]
[Date "2019.02.25"]
[Round "6.1"]
[White "Markov, Mikhail"]
[Black "Igambergenov, Alibek"]
[Result "1-0"]
[WhiteElo "2368"]
[BlackElo "2309"]
[Annotator "NA"]
[PlyCount "81"]
[EventDate "2019.02.20"]
[EventType "tourn"]
[EventCountry "KAZ"]
[SourceTitle "playchess.com"]
[Source "ChessBase"]
[SourceQuality "1"]
[TimeControl "5400+30"]

1. d4 {[%emt 0:02:31]} Nf6 {[%emt 0:00:00]} 2. Bf4 {[%emt 0:00:05]} c5 {[%emt 0:01:22]} 3. dxc5 {[%emt 0:01:56]} Na6 {[%emt 0:01:02]} 4. Qd4 {[%emt 0:05:01]} Qa5+ {[%emt 0:07:25]} 5. Nc3 {[%emt 0:02:37]} Qxc5 {[%emt 0:07:07]} 6. Qxc5 {[%emt 0:01:18]} Nxc5 {[%emt 0:00:05]} 7. f3 {[%emt 0:02:19]} g6 {[%emt 0:03:19]} 8. e4 {[%emt 0:00:58]} Bg7 {[%emt 0:00:28]} 9. Nb5 {[%emt 0:03:05]} Ne6 {[%emt 0:01:53]} 10. Be3 {[%emt 0:00:07]} a6 {[%emt 0:00:31]} 11. Nc3 {[%emt 0:00:03]} b5 {[%emt 0:03:51]} 12. O-O-O {[%emt 0:00:19]} Bb7 {[%emt 0:00:43]} 13. a4 {[%emt 0:00:40]} b4 {[%emt 0:00:41]} 14. Nd5 {[%emt 0:00:06]} Nxd5 {[%emt 0:07:20]} 15. exd5 {[%emt 0:00:43]} Nc7 {[%emt 0:00:03]} 16. Bc4 {[%emt 0:03:17]} e6 {[%emt 0:05:39]} 17. dxe6 {[%emt 0:02:23]} dxe6 {[%emt 0:00:39]} 18. Ne2 {[%emt 0:10:56]} Nd5 {[%emt 0:03:11]} 19. Bc5 {[%emt 0:02:35]} Bh6+ {[%emt 0:01:32]} 20. Kb1 {[%emt 0:00:48]} Ne3 {[%emt 0:00:08]} 21. Bxe3 {[%emt 0:02:20]} Bxe3 {[%emt 0:00:04]} 22. Rd3 {[%emt 0:00:18]} Bb6 {[%emt 0:20:29]} 23. Rhd1 {[%emt 0:00:42]} Rd8 {[%emt 0:00:20]} 24. Nd4 {[%emt 0:01:33]} Ke7 {[%emt 0:01:06]} 25. Bxa6 {[%emt 0:00:55]} Rxd4 {[%emt 0:11:51]} 26. Bxb7 {[%emt 0:01:14]} Rhd8 {[%emt 0:00:03]} 27. Ba6 {[%emt 0:02:08]} Rxd3 {[%emt 0:02:48]} 28. Bxd3 {[%emt 0:00:06]} Rd4 {[%emt 0:00:05]} 29. Ka2 {[%emt 0:00:26]} Kd6 {[%emt 0:00:10]} 30. Kb3 {[%emt 0:00:15]} Kc5 {[%emt 0:00:13]} 31. Re1 {[%emt 0:04:03]} Bc7 {[%emt 0:00:05]} 32. h3 {[%emt 0:00:05]} h5 {[%emt 0:01:57]} 33. Re2 {[%emt 0:00:28]} h4 {[%emt 0:00:30]} 34. Bb5 {[%emt 0:00:14]} g5 {[%emt 0:03:16]} 35. Be8 {[%emt 0:00:16]} Rf4 {[%emt 0:00:04]} 36. Rd2 {[%emt 0:01:06]} f6 {[%emt 0:02:13]} 37. Rd7 {[%emt 0:00:21]} Bb6 {[%emt 0:00:50]} 38. Rb7 {[%emt 0:02:45]} Rd4 {[%emt 0:02:46]} 39. a5 {[%emt 0:00:23]} Bd8 {[%emt 0:00:03]} 40. Rb5+ {[%emt 0:00:53]} Kd6 {[%emt 0:00:01]} 41. a6 {[%emt 0:00:21]} 1-0

[Event "IITU Masters 2019"]
[Site "Almaty"]
[Date "2019.02.25"]
[Round "6.2"]
[White "Khusenkhojaev, Muhammad"]
[Black "Tologontegin, Semetey"]
[Result "1-0"]
[WhiteElo "2441"]
[BlackElo "2372"]
[Annotator "TA"]
[PlyCount "93"]
[EventDate "2019.02.20"]
[EventType "tourn"]
[EventCountry "KAZ"]
[SourceTitle "playchess.com"]
[Source "ChessBase"]
[SourceQuality "1"]

{[%evp 19,93,18,15,12,0,0,12,16,22,-14,6,15,24,29,31,0,0,-16,-8,-45,-52,-77,-72,-79,-81,-64,-62,-71,-27,-37,-29,-37,0,0,4,4,96,88,121,92,156,122,133,120,252,246,248,83,233,231,235,213,29989,29990,29989,914,743,315,318,233,1826,1572,29984,29985,29994,29993,29993,29994,29994,29992,29992,29993,29993,29994,29995,29996]} 1. d4 g6 2. c4 Bg7 3. Nc3 d6 4. Nf3 e5 5. g3 Nd7 6. Bg2 Ne7 7. O-O O-O 8. e4 exd4 9. Nxd4 Nc6 10. Nde2 a5 11. h3 {A42: Modern Defence: Averbakh Variation} (11. b3 a4 12. Rb1 axb3 13. axb3 Nc5 14. b4 Ne6 15. Be3 Ne5 16. Qb3 Ng4 17. Bd2 c5 18. Nd5 Ne5 {½-½ (33) Xiong,J (2647)-Mamedov,R (2678) Atlantic City 2016}) 11... Nc5 12. Be3 Be6 13. b3 {[#]The position is equal.} a4 $1 {[%mdl 512]} 14. Rc1 (14. bxa4 Bxc4) 14... axb3 15. axb3 Ra3 16. Nb5 $1 {[%cal Rb5a3]} Ra2 17. Nec3 $146 ({Predecessor:} 17. Nf4 Bd7 18. Nd5 Ne6 {1-0 (41) Seres,L (2445)-Resika,N (2288) Budapest 2001}) 17... Rb2 18. Rb1 Rxb1 19. Qxb1 (19. Nxb1 {is more complex.} Na5 20. Nd2 Qd7 21. Kh2 Naxb3 22. Nxb3 Bxc4 23. N5d4) 19... Na5 $1 {[%cal Ra5b3]} 20. b4 Nxc4 21. bxc5 {Strongly threatening Qc1.} Nxe3 22. fxe3 dxc5 23. e5 $1 c6 {...Qg5 is the strong threat.} 24. Nd6 $1 Bxe5 25. Nxb7 Qc7 {aiming for ...Rb8.} 26. Ne4 Rb8 27. Nexc5 Bc4 (27... Bxg3 $11 {remains equal.} 28. Na6 Qxb7 29. Nxb8 Qxb8) 28. Rd1 {And now Rd7 would win.} Bxg3 29. Qb4 Bb5 (29... Bd5 $142 30. Qd2 (30. Bxd5 cxd5 31. Qg4 Ra8 $16) 30... Bxg2 31. Qxg2 (31. Kxg2 Bh4 $16) 31... Qe5) 30. Rd7 Qe5 31. Qd4 Qf5 (31... Bh2+ $16 32. Kh1 h5) 32. Rd8+ $18 Rxd8 33. Qxd8+ $40 {[%mdl 128] Black is in trouble.} Kg7 {( -> ...Qf2+)} 34. Ne4 Be5 35. Nbd6 Qh5 $2 (35... Bxd6 $18 36. Qxd6 Qe6) 36. Ne8+ Kh6 {[#]} 37. N8f6 (37. Bf3 $142 $1 {[%mdl 512]} Bh2+ (37... Qxf3 38. Qg5#) 38. Kg2 Bf1+ 39. Kxh2 Qe5+ 40. Kg1 g5 41. N8f6 Bxh3 42. Qh8) 37... Bxf6 38. Nxf6 (38. Qxf6 $142 Qd1+ 39. Kh2) 38... Qc5 39. Ng4+ Kh5 $2 (39... Kg7 40. Qf6+ Kf8) 40. Qh8 Kh4 41. Qf6+ {[%mdl 64] Double Attack. White mates.} g5 42. Qf2+ Kh5 43. Qxf7+ {[%mdl 64] Double Attack} Kh4 44. Qxh7+ Kg3 45. Qc7+ Kh4 46. Kh2 {[%cal Rc7h7]} Qc2 47. Qg7 {Accuracy: White = 63%, Black = 37%.} 1-0

[Event "IITU Masters 2019"]
[Site "Almaty"]
[Date "2019.02.25"]
[Round "6.3"]
[White "Daurimbetov, A."]
[Black "Zubarev, Alexander"]
[Result "0-1"]
[WhiteElo "2287"]
[BlackElo "2494"]
[Annotator "TA"]
[PlyCount "122"]
[EventDate "2019.02.20"]
[EventType "tourn"]
[EventCountry "KAZ"]
[SourceTitle "playchess.com"]
[Source "ChessBase"]
[SourceQuality "1"]

{[%evp 16,122,-32,-29,-29,-83,-13,-17,-16,-50,-50,-70,-51,-44,0,0,0,-78,-87,-129,-112,-146,-144,-142,-142,-144,-129,-134,-75,-109,-114,-146,-160,-166,-174,-159,-160,-164,-178,-188,-170,-177,-181,-175,-168,-223,-218,-206,-212,-202,-204,-328,-299,-485,-513,-495,-480,-380,-284,-331,-332,-387,-379,-384,-384,-431,-431,-431,-431,-431,-431,-436,-436,-469,-476,-395,-197,-163,0,-418,-172,-154,0,0,0,0,0,0,0,0,0,0,0,-6231,-6311,-2737,-2344,-2179,-1618,-29972,-29973,-29969,-29946,-5987,-6640,-6213,-5066,-1647,-1467]} 1. e4 c5 2. Nf3 e6 3. g3 Nc6 4. Bg2 Nf6 5. d3 d5 6. e5 Nd7 7. Qe2 Be7 8. h4 O-O 9. O-O b5 {C00: French: Unusual White 2nd moves} 10. h5 $146 (10. Bf4 $11) ({Predecessor:} 10. Bf4 a5 11. Nbd2 a4 12. a3 b4 13. Rfe1 Ba6 14. axb4 Nxb4 {0-1 (37) Hernandez Guerrero,G (2506)-Ragger,M (2697) Baku 2016}) 10... b4 (10... h6 $17) 11. h6 $11 g6 {The position is equal.} 12. Bf4 a5 13. Re1 Ba6 14. Nbd2 Nb6 15. Nf1 c4 16. Ne3 (16. Qd2 $11) 16... Na4 $1 $17 (16... g5 $6 17. Nxg5 Bxg5 18. Qg4 $14) 17. Ng4 Nxb2 {[%cal Rc4d3]} 18. d4 c3 19. Qe3 Nc4 20. Qc1 Rc8 21. Bf1 Qb6 (21... Kh8 $142 22. Kg2 Ra8) 22. Bxc4 dxc4 ({Much weaker is} 22... Bxc4 $6 23. Kg2 $11) 23. Bg5 Nxd4 24. Nxd4 Qxd4 25. Bxe7 Qxg4 26. Bxf8 Bb7 $1 {( -> ...Qh3)} ({Resist} 26... Kxf8 27. Qd1 $15) 27. Qf4 Qxf4 $1 28. gxf4 Kxf8 $19 {[%mdl 4096] Endgame KRR-KRB} 29. Rad1 Bd5 30. Re3 (30. Kh2 {was necessary.}) 30... Ke7 31. Kh2 Kd7 32. Kg3 Kc6 33. Rb1 (33. Kg4 $142) 33... Kc5 34. Kg4 $2 (34. Rd1) 34... Rd8 35. Kg5 Bc6 36. Kf6 Rd7 37. Kg7 f5+ 38. Kg8 Be4 39. Rc1 Kb5 40. f3 Bc6 41. Ra1 Kc5 42. Rf1 Bd5 43. Rd1 Rb7 44. Kf8 a4 45. Kg8 Kc6 (45... Bc6 $142 46. Kh8 b3 47. axb3 axb3 48. cxb3 c2 49. b4+ Kxb4) 46. Rb1 Kc5 $2 ({Black should try} 46... Kb5 $1 $19 47. Rxc3 Kc5) 47. Rxc3 $2 {[%mdl 8192]} (47. Rd1 $11 Bc6 48. Kh8) 47... Kd4 (47... bxc3 $2 {too greedy.} 48. Rxb7 Bxb7 49. Kxh7 $18) (47... Rc7 $142 48. Re3 Kd4) 48. Ra3 {[#]} bxa3 $2 (48... b3 $1 $17 {And now ...Ke3 would win.} 49. Kh8 Kc3 50. cxb3 axb3 51. axb3 cxb3) 49. Rxb7 $11 Bxb7 50. Kxh7 $17 {KB-KP} Kc3 {...Kb2 is the strong threat.} 51. Kxg6 {Threatens to win with h7.} Kxc2 {aiming for ...c3.} (51... Bd5 $5 52. h7 $8 Kxc2 $11) 52. h7 c3 53. h8=Q Bd5 $1 {[%cal Rd5a2]} 54. Qh2+ $2 {[%mdl 8192]} (54. Qe8 $11 Kb2 55. Qxa4 Bxa2 56. Qa7) 54... Kb1 $19 55. Qg1+ {[#]} Kb2 $1 56. Qd4 Bxa2 57. Qxa4 Bb3 58. Qd4 a2 59. Qf2+ c2 {Black is clearly winning.} 60. Qd4+ Kb1 61. Qc3 c1=N {Accuracy: White = 45%, Black = 60%.} 0-1

[Event "IITU Masters 2019"]
[Site "Almaty"]
[Date "2019.02.25"]
[Round "6.4"]
[White "Mezentsev, Ivan"]
[Black "Rakhimzhan, Alen"]
[Result "1/2-1/2"]
[WhiteElo "2298"]
[BlackElo "2320"]
[Annotator "NA"]
[PlyCount "65"]
[EventDate "2019.02.20"]
[EventType "tourn"]
[EventCountry "KAZ"]
[SourceTitle "playchess.com"]
[Source "ChessBase"]
[SourceQuality "1"]
[TimeControl "5400+30"]

1. Nf3 {[%emt 0:04:20]} Nf6 {[%emt 0:00:00]} 2. c4 {[%emt 0:00:48]} e6 {[%emt 0:00:00]} 3. b3 {[%emt 0:01:17]} d5 {[%emt 0:01:21]} 4. Bb2 {[%emt 0:03:08]} b6 {[%emt 0:04:08]} 5. g3 {[%emt 0:03:48]} dxc4 {[%emt 0:01:19]} 6. bxc4 {[%emt 0:00:38]} c5 {[%emt 0:00:16]} 7. Bg2 {[%emt 0:00:52]} Bb7 {[%emt 0:00:10]} 8. d3 {[%emt 0:02:02]} Be7 {[%emt 0:00:13]} 9. O-O {[%emt 0:04:28]} O-O {[%emt 0:00:11]} 10. Nbd2 {[%emt 0:04:27]} Nc6 {[%emt 0:00:24]} 11. Ne5 {[%emt 0:05:33]} Qc8 {[%emt 0:02:19]} 12. Nxc6 {[%emt 0:05:33]} Bxc6 {[%emt 0:03:21]} 13. e4 {[%emt 0:05:07]} b5 {[%emt 0:19:41]} 14. e5 {[%emt 0:13:38]} Nd7 {[%emt 0:02:04]} 15. Ne4 {[%emt 0:03:46]} bxc4 {[%emt 0:20:07]} 16. dxc4 {[%emt 0:01:10]} f5 {[%emt 0:01:57]} 17. exf6 {[%emt 0:16:36]} Nxf6 {[%emt 0:00:32]} 18. Bxf6 {[%emt 0:02:31]} Bxf6 {[%emt 0:01:07]} 19. Nxf6+ {[%emt 0:00:24]} Rxf6 {[%emt 0:00:37]} 20. Qd3 {[%emt 0:02:25]} Bxg2 {[%emt 0:02:19]} 21. Kxg2 {[%emt 0:00:02]} Qc6+ {[%emt 0:00:14]} 22. f3 {[%emt 0:00:15]} Raf8 {[%emt 0:00:43]} 23. Rae1 {[%emt 0:00:41]} h6 {[%emt 0:01:46]} 24. Rf2 {[%emt 0:01:59]} Qc7 {[%emt 0:03:40]} 25. Rd1 {[%emt 0:04:12]} Qc6 {[%emt 0:01:12]} 26. Qe3 {[%emt 0:01:16]} Qa4 {[%emt 0:00:34]} 27. Qe2 {[%emt 0:02:05]} Qc6 {[%emt 0:00:38]} 28. Rd3 {[%emt 0:00:41]} Rf5 {[%emt 0:07:01]} 29. Re3 {[%emt 0:00:14]} R5f6 {[%emt 0:00:33]} 30. Rd3 {[%emt 0:01:49]} Rf5 {[%emt 0:00:11]} 31. Re3 {[%emt 0:00:17]} R5f6 {[%emt 0:00:08]} 32. Rd3 {[%emt 0:00:36]} Rf5 {[%emt 0:00:14]} 33. Re3 {[%emt 0:00:42]} 1/2-1/2

[Event "IITU Masters 2019"]
[Site "Almaty"]
[Date "2019.02.25"]
[Round "6.5"]
[White "Askarov, Bakhtiyar"]
[Black "Zhalmakhanov, Ramazan"]
[Result "0-1"]
[WhiteElo "2425"]
[BlackElo "2324"]
[Annotator "TA"]
[PlyCount "88"]
[EventDate "2019.02.20"]
[EventType "tourn"]
[EventCountry "KAZ"]
[SourceTitle "playchess.com"]
[Source "ChessBase"]
[SourceQuality "1"]

{[%evp 12,88,0,-16,-19,-27,-22,-31,-16,-24,-27,-27,-23,-26,-9,-46,-50,-57,-44,-66,-61,-57,0,0,0,-20,0,-94,-73,-92,-87,-64,-64,-120,-117,-119,-117,-133,-63,-118,-117,-158,-37,-77,0,-142,-133,-158,-84,-109,-18,-29,-32,-27,-37,-101,-99,-166,-96,-258,-259,-452,-462,-931,-898,-1092,-1124,-1123,-1123,-1260,-1111,-1004,-968,-851,-799,-777,-729,-704,-689]} 1. Nf3 d5 2. d4 Nf6 3. g3 c6 4. Bg2 Bf5 5. O-O e6 6. c4 Nbd7 7. Nc3 dxc4 {D11: Slav Defence: 3 Nf3 sidelines and 3...Nf6 4 e3 Bg4} (7... h6 8. Nd2 Be7 9. e4 dxe4 10. Ndxe4 O-O 11. Qe2 Nxe4 12. Nxe4 Nf6 13. Rd1 Re8 14. Bf4 Nxe4 15. Bxe4 Bf6 16. Rd2 Qa5 17. Bxf5 exf5 18. Qd3 Rad8 19. d5 Re4 20. Be3 {0-1 (44) Adly,A (2619)-Short,N (2688) Abu Dhabi 2017}) 8. Nh4 Bg4 9. h3 Bh5 $1 {Black is slightly better.} 10. g4 Nd5 {With the idea ...Bxg4.} 11. e4 N5b6 12. Nf3 Bg6 13. a4 a5 $1 14. Be3 $146 h5 15. Ng5 Be7 16. f4 $1 Bxg5 (16... e5 $15 17. dxe5 Bxg5 18. fxg5 hxg4) 17. fxg5 $11 Qe7 18. Qf3 e5 19. d5 (19. gxh5 $11 Rxh5 20. d5) 19... Nc5 $17 20. gxh5 Bxh5 21. Qg3 Nbd7 22. Rf2 (22. Rab1 $15) 22... Nd3 23. Rc2 N7c5 24. Rf1 O-O (24... Rd8 $17 25. Qh4 Kf8) 25. Kh2 ({White should play} 25. Bf3 $15 Bxf3 26. Qxf3) 25... Nb3 26. Nd1 cxd5 (26... Qb4 $17 27. Nc3 Nd4) 27. exd5 $15 Nd4 (27... Rac8 $17 28. Qh4 Bg6 29. Rxc4 Nd4 $1 {[%mdl 512]} 30. Rxc8 Rxc8) 28. Rd2 (28. Bxd4 $1 $11 {keeps the balance.} exd4 29. Rxc4 Bxd1 30. Rxd1 Nxb2 {[%mdl 64] Double Attack} 31. Rc7) 28... Bg6 $17 29. Qg4 Qd6 (29... Qb4 $142 30. Kh1 Rac8) 30. Nc3 {[#]} e4+ (30... Nxb2 $1 $17 {[%mdl 512] Hoping for ...Nd3.} 31. Qg3 (31. Rxb2 Qa3 $15 {[%mdl 64] Double Attack}) 31... Qa3 32. Bxd4 exd4 33. Rxd4 Nxa4 34. Rxc4 b5 $1 {[%mdl 512]}) 31. Kh1 $11 {[#]} Nf3 $1 $36 {[%mdl 2560] Black is more active.} 32. Bxf3 exf3 33. Qxc4 (33. Bd4 $1 $15) 33... Rac8 $17 34. Qg4 {[#]} (34. Qd4 $17 {keeps fighting.}) 34... Rfe8 (34... Nxb2 $1 $19 {[%mdl 512]} 35. Nb5 (35. Rxb2 Rxc3) 35... Qe7) 35. Bf2 $2 {[#]} (35. Bd4 $17 {might work better.}) 35... Qb4 $1 $19 36. Qxf3 $2 (36. Kh2) 36... Nxb2 {Black is clearly winning.} 37. Bd4 (37. Rd4 $142 Qxc3 38. Qxc3 Rxc3 39. Kg1) 37... Nxa4 38. Rc1 Nxc3 39. Bxc3 Be4 {( -> ...Rxc3)} 40. Kh2 Bxf3 41. Bxb4 Rxc1 42. Bxa5 Rd1 43. Rxd1 Bxd1 44. d6 Ba4 {Accuracy: White = 29%, Black = 54%.} 0-1